Srbi u evropskoj civilizaciji

Bibliographic Details
Other Authors: Samardžić, Radovan, 1922-1994 (edi), Duškov, Milan (edi)
Format: Book
Language:Serbian
PhysicalDescription:198 s. fotogr. 24 cm
Published: [Beograd] Nova [etc.] 1993
ISBN:8675830149
Series:Posebna izdanja
Subjects:

MARC

LEADER 00000cam a2200000 a 4500
001 vtls001425031
003 SK-MaSNL
005 20260302001743.0
008 251113s1993 rb a r 00100 srp
020 |a 8675830149  |c [392,00] 
035 |a SNK000379914 
040 |a SNK  |b slo  |c SNK  |e AACR2 
041 0 |a srp 
043 |a e-yu--- 
044 |a rb  |c RS 
072 7 |a 94(495/498)  |x Dejiny štátov a území na Balkánskom poloostrove  |2 konspekt 
080 |a (048.8)  |2 1981 
080 |a 94(497.11)  |2 1981 
080 |a (4)  |2 1981 
245 1 |a Srbi u evropskoj civilizaciji  |c [urednici Radovan Samardžić, Milan Duškov] 
260 |a [Beograd]  |b Nova [etc.]  |c 1993 
300 |a 198 s.  |b fotogr.  |c 24 cm 
490 1 |a Posebna izdanja  |v 51 
500 |a Údaje o red. prevzaté z tir. 
650 0 7 |a vzťahy  |2 SNKPH  |9 23456 
650 0 7 |a európska civilizácia  |2 SNKPH  |9 288650 
650 0 7 |a Srbi  |x dejiny  |2 SNK  |9 323127 
651 7 |a Európa  |2 SNKPH  |9 167569 
655 7 |a príručky  |2 SNKPH  |9 74364 
655 7 |a štúdie  |2 SNKPH  |9 57033 
700 1 |a Samardžić, Radovan,  |d 1922-1994  |4 edi  |9 452075 
700 1 |a Duškov, Milan  |4 edi  |9 638151 
830 0 |a Posebna izdanja  |9 353915 
919 |a 86-7583-014-9 
999 |c 985138  |d 987068 
952 |t P60, <04>, [BOOK], {604}  |a SNK  |b SNK  |y VYP  |7 0  |p 17A0343430  |o snkIC 130113  |i snkV 799/2002  |0 0  |1 0  |4 0  |d 2002-07-22  |l 0  |r 2005-01-02 00:00:00  |w 2026-02-24